Jordan Brownstein

N/A


Categories

Arts - Painting4200806376.1746
Thought - Philosophy4210753057.1726
History - American History5010702252.2025
History - Other History3310705174.8345
Literature - British Lit24007050104.0016
Literature - World Lit2410655081.3334
Literature - Euro Lit2300604473.4024
Beliefs - Religion2300604466.8015
Thought - Social Science2300604468.0025
History - Euro History4120603147.8045
History - World History2300603468.8024
Beliefs - Mythology2310553877.8015
Literature - American Lit1410506996.8013
Arts - Other Arts2210456083.5003
Other - Other Academic2110354868.6713
Other - Geo/CE2000304753.0002
Literature - American Lit1100256186.0022
History - Euro History1100254161.5022
History - World History1100251462.5012
Literature - British Lit1100252451.5012
Literature - Euro Lit1100254072.5011
Beliefs - Religion02022073100.0001
Arts - Painting1000156666.0001
Science - Biology0100108585.0001
Literature - World Lit0100107979.0001
Other - Geo/CE0100109090.0001
Arts - Other Arts0100109191.0000
Arts - Music011059191.0011
History - Other History011057474.0011
Thought - Philosophy011058686.0001
Other - Other Academic0010-50.0000
History - American History0010-50.0000

Buzzes

History - World HistoryMoche culture1514
History - American Historyoil1522
Literature - British LitLucy poems1524
History - American HistoryDaniel Ellsberg-526
Thought - PhilosophyDavid Hume1530
History - Euro HistoryPatrick Henry Pearse1531
Other - Other Academicmountain climbing-533
History - World HistoryKongo kingdom1534
History - Euro HistoryModern Greek1534
Beliefs - MythologyBattle of Kosovo Polje1538